Použitie elektronického podpisu pri úverovej a faktoringovej zmluve

Podstata úverovej a faktoringovej zmluvy. Elektronický podpis v podmienkach právneho poriadku SR. Novely zákona o elektronickom podpise. Použitie elektronického podpisu pri úverovej a faktoringovej operácii.

Enregistré dans:
Détails bibliographiques
Auteur principal: Puchá, Nikoleta
Autres auteurs: Kyseľová, Viera
Format: Chapitre de livre
Langue:slovaque
Sujets:
Tags: Ajouter un tag
Pas de tags, Soyez le premier à ajouter un tag!

MARC

LEADER 00000naa$a2200000$$$4500
001 0078550
005 20231116084928.4
041 0 |a slo 
044 |a SK 
245 1 0 |a Použitie elektronického podpisu pri úverovej a faktoringovej zmluve  |c Nikoleta Puchá, Viera Kyseľová 
520 |a Podstata úverovej a faktoringovej zmluvy. Elektronický podpis v podmienkach právneho poriadku SR. Novely zákona o elektronickom podpise. Použitie elektronického podpisu pri úverovej a faktoringovej operácii. 
610 2 0 |a Slovensko 
610 2 0 |a zmluvy úverové 
610 2 0 |a faktoring 
610 2 0 |a podpis elektronický 
610 2 0 |a právo obchodné 
100 1 |a Puchá, Nikoleta 
700 1 |a Kyseľová, Viera